| 000 | 00000nam 2200000za 4500 |
| 001 | 9.695403 |
| 003 | CaOODSP |
| 005 | 20250224155556 |
| 007 | cr ||||||||||| |
| 008 | 150407|1999||||xxc|||||o f|0| 0 eng d |
| 040 | |aCaOODSP|beng |
| 043 | |an-cn--- |
| 086 | 1 |aH46-2/00-65E-PDF |
| 110 | 1 |aCanada.|bHealth Canada. |bEnvironmental Health Directorate. |
| 245 | 10|aX-ray equipment in medical diagnosis. Part A, Recommended safety procedures for installation and use : |h[electronic resource]|bsafety code 20A |
| 250 | |aRev. 1999 |
| 260 | |aOttawa - Ontario : |bHealth Canada. |c1999, c1996. |
| 300 | |a98p.|bfigs., graphs, tables |
| 500 | |a"Archived." |
| 500 | |aPublication replaced on February 24, 2025 as requested by the publisher. |
| 500 | |a"This document is one of a series of Safety Codes prepared by the Radiation Protection Bureau to set out requirements for the safe use of radiation emitting devices. Included in this Code are sections for the specific guidance of the radiologist, the physician, the operator and the medical or health physicist concerned with safety procedures, equipment performance and protection surveys. The safety procedures, equipment and installation guidelines detailed in this Code are primarily for the instruction and guidance of persons employed in Federal Public Service Department and Agencies, as well as those coming under the jurisdiction of the Canada Labour Code ... This code supersedes safety code RPB-SC-4, entitled 'X-rays in medical, dental and paramedical diagnostic radiology - recommended installation and safety procedures', and it is intended to complement x-ray equipment design, construction and performance standards promulgated under the Radiation Emitting Devices Act."--Explanatory notes, p.6. |
| 500 | |aIncorrect catalogue number (H-46-2-80-65E) and ISBN (0-660-10945-X) copied in this electronic publication. |
| 504 | |aBibliography. |
| 520 | 3 |a"This document is one of a series of Safety Codes prepared by the Radiation Protection Bureau to set out requirements for the safe use of radiation emitting devices. Included in this Code are sections for the specific guidance of the radiologist, the physician, the operator and the medical or health physicist concerned with safety procedures, equipment performance and protection surveys. The safety procedures, equipment and installation guidelines detailed in this Code are primarily for the instruction and guidance of persons employed in Federal Public Service Department and Agencies, as well as those coming under the jurisdiction of the Canada Labour Code ... This code supersedes safety code RPB-SC-4, entitled 'X-rays in medical, dental and paramedical diagnostic radiology - recommended installation and safety procedures', and it is intended to complement x-ray equipment design, construction and performance standards promulgated under the Radiation Emitting Devices Act.--Explanatory notes, p6. |
| 590 | |a12-15-Supp|b2012-04-13 |
| 690 | 07|aMedical technology|2gcpds |
| 690 | 07|aSafety measures|2gcpds |
| 775 | 08|tLes appareils radiographiques en diagnostic médical. Partie A, Techniques de sécurité recommandées pour l'installation et l'utilisation : |w(CaOODSP)9.639542 |
| 776 | 0#|tX-ray equipment in medical diagnosis part A : |w(CaOODSP)9.647770 |
| 856 | 40|ahttp://publications.gc.ca|qPDF|s221 KB|uhttps://publications.gc.ca/collections/collection_2025/sc-hc/H46-2-00-65-eng.pdf |
| 986 | |a80-EHD-65 |